000 00714nam a2200217 4500
999 _c9546
_d9546
001 9546
003 BD-JhCC
005 20180319122203.0
008 180319b1986 bg ||||| |||| 00| 0 ben d
035 _a(BD-JhCC)9546
040 _aBD-JhCC
_dBD-JhCC
041 _aben
082 _a320.014
_bDAH 1986
100 _aদাহার, সইফ-উদ-
245 _aরাষ্ট্র ভাষা থেকে স্বাধীনতা যুদ্ধ এবং তারপর /
_cসইফ-উদ-দাহার
260 _aঢাকা :
_bনওরোজ কিতাবিস্তান
_c1986.
300 _a123 p. :
_c21 cm.
650 _aLanguages movement
942 _2ddc
_cBK